[Event "Gorgonzola op-B 12th"]
[Site "Gorgonzola"]
[Date "2007.11.17"]
[Round "4"]
[White "Olivo, Mario"]
[Black "Fuccio, Sergio"]
[Result "1-0"]
[WhiteElo "1887"]
[BlackElo "1778"]
[PlyCount "65"]
[EventDate "2007.11.10"]
[EventType "swiss"]
[EventRounds "6"]
[EventCountry "ITA"]
[SourceTitle "EXT 2010"]
[Source "ChessBase"]
[SourceDate "2010.11.25"]
[SourceVersion "1"]
[SourceVersionDate "2010.11.25"]
[SourceQuality "1"]

1. c4 Nf6 2. Nc3 d6 3. g3 g6 4. Bg2 Bg7 5. e3 e5 6. Nge2 0-0 7. 0-0 Nc6 8. Rb1 Rb8 9. h3 Bf5 10. d3 Nb4 11. e4 Bd7 12. Be3 a6 13. Qd2 Re8 14. a3 Nc6 15. Bg5 Qc8 16. Kh2 Nd8 17. b4 Ne6 18. Bh6 Bh8 19. f4 exf4 20. Nxf4 Nxf4 21. Qxf4 Be6 22. Nd5 Nh5 23. Qf3 Be5 24. Nf4 Nxf4 25. gxf4 Bd4 26. f5 gxf5 27. exf5 Be5+ 28. Kh1 Bd7 29. f6 Qd8 30. d4 Kh8 31. dxe5 Rg8 32. Bg7+ Rxg7 33. fxg7+ 1-0